Video Game Hall of Fame - Statistics

General Stats
  • This quiz has been taken 653 times
  • The average score is 11 of 49
Answer Stats
Inducted Released Developer Game % Correct
2016 1991 Sonic Team Sonic The Hedgehog
75%
2015 1985 Alexey Pajitnov Tetris
71%
2015 1972 Atari Pong
60%
2020 2011 Mojang Studios Minecraft
59%
2015 1985 Nintendo Super Mario Bros.
56%
2015 1980 Namco Pac-Man
55%
2016 1986 Nintendo The Legend of Zelda
55%
2017 1981 Nintendo Donkey Kong
53%
2015 2004 Blizzard Entertainment World of Warcraft
45%
2017 2001 Bungie Halo: Combat Evolved
43%
2015 1993 id Software Doom
35%
2017 1996 Game Freak Pokémon Red / Green
32%
2019 1992 Midway Games Mortal Kombat
31%
2016 2001 DMA Design Grand Theft Auto III
30%
2016 1978 Taito Space Invaders
30%
2017 1991 Capcom Street Fighter II
30%
2023 2013 Naughty Dog The Last of Us
28%
2019 1992 Nintendo Super Mario Kart
25%
2018 1997 Square Final Fantasy VII
24%
2016 2000 Maxis The Sims
23%
2024 1996 Capcom Resident Evil
21%
2021 1998 Blizzard Entertainment StarCraft
19%
2024 1989 Maxis SimCity
16%
2025 1996 id Software Quake
14%
2022 1998 Nintendo The Legend of Zelda: Ocarina of Time
13%
2023 2006 Nintendo Wii Sports
13%
2024 1979 Atari Asteroids
12%
2018 1990 Park Place Productions John Madden Football
12%
2022 1991 MicroProse Sid Meier's Civilization
11%
2018 1996 Core Design Tomb Raider
11%
2021 2001 Nintendo Animal Crossing
10%
2025 1997 Rare GoldenEye 007
10%
2022 1982 General Computer Corporation Ms. Pac-Man
10%
2020 1981 Atari Centipede
8%
2016 1971 Don Rawitsch, Bill Heinemann, and Paul Dillenberger The Oregon Trail
7%
2020 2001 PopCap Games Bejeweled
6%
2021 1982 Sublogic Microsoft Flight Simulator
6%
2024 1993 Cyan Myst
6%
2019 1990 Microsoft Solitaire
6%
2025 1981 Williams Electronics Defender
5%
2020 1984 Sierra On-Line King's Quest
4%
2019 1979 William Crowther, Don Woods Colossal Cave Adventure
3%
2022 1998 Konami Dance Dance Revolution
3%
2024 1981 Richard Garriott, Origin Systems Ultima
3%
2018 1962 Steve Russell and others Spacewar!
2%
2025 1996 Bandai Tamagotchi
2%
2021 1985 Broderbund Where in the World is Carmen Sandiego?
2%
2023 1996 Digital Domain Barbie Fashion Designer
1%
2023 1971 Syzygy Engineering Computer Space
1%
No matching quizzes found
Score Distribution
Percent of People with Each Score
Percentile by Number Answered
Your Score History
You have not taken this quiz